Durruti, obra gráfica [ (Record no. 72179)

MARC details
000 -LEADER
campo de control de longitud fija 01095nkm a2200253 i 4500
001 - NÚMERO DE CONTROL
campo de control 72179
003 - IDENTIFICADOR DE NÚMERO DE CONTROL
campo de control ES-MaACL
005 - FECHA Y HORA DE LA ÚLTIMA TRANSACCIÓN
campo de control 20250826082904.0
007 - CAMPO FIJO DE DESCRIPCIÓN FÍSICA--INFORMACIÓN GENERAL
campo de control de longitud fija ki cbb
008 - DATOS DE LONGITUD FIJA--INFORMACIÓN GENERAL
campo de control de longitud fija 191118q1996 sp --- |10 ||spa d
245 00 - MENCIÓN DEL TÍTULO
Título Durruti, obra gráfica [
Medio Material gráfico]
Resto del título : 1896-1996.
260 ## - PUBLICACIÓN, DISTRIBUCIÓN, ETC.
Lugar de publicación, distribución, etc. [Madrid :
Nombre del editor, distribuidor, etc. CGT,
Fecha de publicación, distribución, etc. 1996]
300 ## - DESCRIPCIÓN FÍSICA
Extensión 1 carpeta ([6] h. de lám. col.) ;
Dimensiones 42 x 25 cm.
505 8# - NOTA DE CONTENIDO CON FORMATO
Nota de contenido con formato Contiene: 1 ;
Título Sin título /
Mención de responsabilidad Mario Castro Burgos - 2. --
Título Sin título /
Mención de responsabilidad Ana Cristina Lapiedra Argachal - 3. --
Título Sin título /
Mención de responsabilidad Mario Castro Burgos - 4. --
Título Sin título /
Mención de responsabilidad Ana Pacios Bello - 5. --
Título Durruti /
Mención de responsabilidad Juan Manuel Fernández Pera - 6. --
Título Durruti /
Mención de responsabilidad José Carlos Rodríguez (Pin)
597 ## - NOTA DE DESCRIPCIÓN FÍSICA
NOTA DE DESCRIPCIÓN FÍSICA Lám. guardadas en carpeta.
600 17 - PUNTO DE ACCESO ADICIONAL DE MATERIA--NOMBRE DE PERSONA
Nombre de persona Durruti, Buenaventura,
9 (RLIN) 241539
Fuente del encabezamiento o término embne
Fechas asociadas al nombre 1896-1936
650 #4 - PUNTO DE ACCESO ADICIONAL DE MATERIA--TÉRMINO DE MATERIA
9 (RLIN) 9790
Término de materia o nombre geográfico como elemento de entrada Anarquismo-
Subdivisión geográfica España
710 2# - ENTRADA AGREGADA--NOMBRE DE ENTIDAD CORPORATIVA
Nombre de entidad corporativa o nombre de jurisdicción como elemento de entrada Confederación General del Trabajo (España)
9 (RLIN) 3161
852 ## - LOCALIZACIÓN
Ubicación ES-MaACL
Número de control de estantería GF-101
852 ## - LOCALIZACIÓN
Ubicación ES-MaACL
Número de control de estantería GF-102
942 ## - ELEMENTOS DE ENTRADA SECUNDARIOS (KOHA)
Fuente del sistema de clasificación o colocación Clasificación decimal universal
Suprimir en OPAC No
Holdings
Estatus retirado Estado de pérdida Fuente del sistema de clasificación o colocación Estado de daño No para préstamo Biblioteca de origen Biblioteca actual Ubicación en estantería Fecha de adquisición Total de préstamos Signatura topográfica completa Código de barras Visto por última vez Precio de reemplazo Tipo de ítem Koha
    Clasificación decimal universal     Biblioteca del Ateneo de Madrid Biblioteca del Ateneo de Madrid Depósito 2 18/11/2019   GF-101 1201255 23/02/2023 23/02/2023 Grabado
    Clasificación decimal universal     Biblioteca del Ateneo de Madrid Biblioteca del Ateneo de Madrid Depósito 2 18/11/2019   GF-102 1201256 23/02/2023 23/02/2023 Grabado